00531 2200181 4500001002100000005001500021035002000036245007700056100001200133250001700145300003000162260003900192082000800231084001500239020002200254600001000276520006300286INLIS00000000000083320250108123722 a0010-01250000061 aEnsiklopedi Ilmu Pengetahuan dan Teknologi :bCuaca dan Iklim /cSucipto0 aSucipto acetakan ke-1 a56 hlm :bilus ;c21,5 cm aBekasi :bUranus Publishing,c2011 a503 a503 SUC e a978-602-863-771-8 4aSains aEnsiklopedi Ilmu Pengetahuan dan Teknologi Cuaca dan Iklim